ბათუმის შოთა რუსთაველის სახელმწიფო უნივერსიტეტის ბიბლიოთეკა

ერთტომეული (ბიბ.ჩანაწერი № 42950)

000 -LEADER
fixed length control field 00843nam a2200229Ia 4500
001 - CONTROL NUMBER
control field 9666
003 - CONTROL NUMBER IDENTIFIER
control field GE_BSU
008 - FIXED-LENGTH DATA ELEMENTS--GENERAL INFORMATION
fixed length control field 181216s||||||||xx |||||||||||||| ||und||
040 ## - CATALOGING SOURCE
Transcribing agency GE_BSU
080 ## - UNIVERSAL DECIMAL CLASSIFICATION NUMBER
Universal Decimal Classification number 821.353.1–1+821.353.1-11
100 ## - MAIN ENTRY--PERSONAL NAME
Personal name მირცხულავა,ალიო (მაშაშვილი)
245 ## - TITLE STATEMENT
Title ერთტომეული
245 ## - TITLE STATEMENT
Remainder of title ლექსები და პოემები.
245 ## - TITLE STATEMENT
Statement of responsibility, etc. რედ.შ.სულაბერიძე.მხატვ:გ.გორდელაძე
260 ## - PUBLICATION, DISTRIBUTION, ETC.
Place of publication, distribution, etc. თბილისი
260 ## - PUBLICATION, DISTRIBUTION, ETC.
Name of publisher, distributor, etc. სახელგამი
260 ## - PUBLICATION, DISTRIBUTION, ETC.
Date of publication, distribution, etc. 1953
300 ## - PHYSICAL DESCRIPTION
Extent 655გვ.1ფ.პორტრ.23სმ.
653 ## - INDEX TERM--UNCONTROLLED
Uncontrolled term პოემები. დრამატული პოემები
653 ## - INDEX TERM--UNCONTROLLED
Uncontrolled term რჩეული ლექსი
942 ## - ADDED ENTRY ELEMENTS (KOHA)
Koha item type წიგნი
ეგზემპლარები
Withdrawn status Lost status Damaged status Not for loan Date acquired Barcode Date last seen Price effective from Koha item type
        2018-12-17 32722 2018-12-17 2018-12-17 წიგნი
        2018-12-17 32723 2018-12-17 2018-12-17 წიგნი
        2018-12-17 32724 2018-12-17 2018-12-17 წიგნი
        2018-12-17 32725 2018-12-17 2018-12-17 წიგნი
        2018-12-17 32726 2018-12-17 2018-12-17 წიგნი
        2018-12-17 32727 2018-12-17 2018-12-17 წიგნი